El Impacto del TLC en la mano de obra femenina en México /

Kaydedildi:
Detaylı Bibliyografya
Yazar: Cordero, María Elena
Müşterek Yazar: UNIFEM
Diğer Yazarlar: Coord
Materyal Türü: Metin
Baskı/Yayın Bilgisi: México, D. F.: Fondo de Desarrollo de las Naciones Unidas para la Mujer
Konular:
Etiketler: Etiketle
Etiket eklenmemiş, İlk siz ekleyin!

MARC

LEADER 00000 a a2200000 04500
001 29271
003
040
090 |a 191402  
100 |a Cordero, María Elena  
110 |a UNIFEM  
245 |a El Impacto del TLC en la mano de obra femenina en México /  |c María Elena Cordero  
260 |a México, D. F.:   |b Fondo de Desarrollo de las Naciones Unidas para la Mujer  
300 |a 91 p.  
650 |a SECTOR AGROPECURIO  
650 |a EMPLEO RURAL  
650 |a PARTICIPACION DE LA MUJER  
650 |a TLCAN  
650 |a USO DE LA TIERRA  
650 |a POBLACION OCUPADA  
650 |a ESTADISTICAS COMERCIALES  
700 |a Coord  
999 |c 12574  |d 12574